000 00346nam a2200133Ia 4500
005 20260326235440.0
008 260326s9999||||xx |||||||||||||| ||und||
100 _aAsensio Cerver, Francisco
245 0 _aNew scandinavian Design /
_cFrancisco Asensio Cerver
260 _bLoft
300 _a399 p.
650 _aARQUITECTURA REGIONAL
942 _cBK
999 _c7378
_d7378